Actors With the People They Portrayed Quiz Stats

Quiz Updated Dec 5, 2015

Challenge
Share
Tweet
Score 0/20 Timer 07:00
5 Plays Today
% Correct
Ray
93.5%
Ali
92.1%
The Social Network
89.8%
Catch Me If You Can
84.3%
The Queen
78.8%
Apollo 13
77.8%
The Blind Side
74.4%
A Beautiful Mind
73.1%
Argo
71.8%
Goodfellas
65.4%
% Correct
Raging Bull
63.8%
127 Hours
61.7%
Moneyball
61.1%
The Theory of Everything
60.4%
The Fighter
58.1%
Invictus
54.8%
Great Balls of Fire
50.7%
Coal Miner's Daughter
48%
The Hurricane
45.7%
Charlie Wilson's War
37.2%

You're not logged in!

Compare scores with friends on all Sporcle quizzes.
Join for Free
OR
Log In

You Might Also Like...

Show Comments

Extras

Top Quizzes Today


Score Distribution

Your Account Isn't Verified!

In order to create a playlist on Sporcle, you need to verify the email address you used during registration. Go to your Sporcle Settings to finish the process.

Report this User

Report this user for behavior that violates our Community Guidelines.

Details: